000 00686nam a2200193Ia 4500
003 GCL
008 140319s9999 xx 000 0 ara d
040 _aGCL /
_cGCL
082 0 4 _a812.008
_bا د
100 1 _aالفريد فرج
245 1 0 _aدائرة الضوء: شخصيات على مسرح الفن والادب, صور آدبية: مترجم عن مكسيم جوركى /
_cالفريد فرج
260 _a[S.N] :
_bالهيئة المصرية العامة للكتاب ،
_c1989
300 _a491 ص
490 _aمؤلفات الفريد فرج
_v0
650 0 4 _aالادب العربى
650 0 4 _aالادباء
650 0 4 _aالمجموعات
942 _2ddc
_cBK
999 _c27941
_d27941